Aspectos diferenciales de la medida cautelar, la tutela anticipada y la medida autosatisfactiva / (Registro nro. 2810)
[ vista simple ]
| 000 -LEADER | |
|---|---|
| fixed length control field | 00988nab a22002177a 4500 |
| 003 - CONTROL NUMBER IDENTIFIER | |
| control field | OSt |
| 005 - DATE AND TIME OF LATEST TRANSACTION | |
| control field | 20191029062726.0 |
| 008 - FIXED-LENGTH DATA ELEMENTS--GENERAL INFORMATION | |
| fixed length control field | 190509b xxu||||| |||| 00| 0 spa d |
| 040 ## - CATALOGING SOURCE | |
| Transcribing agency | PJ |
| 100 ## - MAIN ENTRY--PERSONAL NAME | |
| Personal name | Díaz Solimine, Omar Luis |
| 9 (RLIN) | 2413 |
| 245 10 - TITLE STATEMENT | |
| Title | Aspectos diferenciales de la medida cautelar, la tutela anticipada y la medida autosatisfactiva / |
| Statement of responsibility, etc | Omar Luis Díaz Solimine. |
| 260 ## - PUBLICATION, DISTRIBUTION, ETC. (IMPRINT) | |
| Place of publication, distribution, etc | Santa Fe : |
| Name of publisher, distributor, etc | Rubinzal - Culzoni, |
| Date of publication, distribution, etc | 2014. |
| 300 ## - PHYSICAL DESCRIPTION | |
| Extent | p. 491-546 |
| 505 ## - FORMATTED CONTENTS NOTE | |
| Formatted contents note | I. Las medidas cautelares en general. II. La tutela anticipada. III. Medida autosatisfactiva. IV. Las medidas autosatisfactivas en la jurisprudencia. V. Breve comparación: medida cautelar, tutela anticipada, medida autosatisfactiva. |
| 650 #0 - SUBJECT ADDED ENTRY--TOPICAL TERM | |
| 9 (RLIN) | 267 |
| Topical term or geographic name as entry element | DERECHO PROCESAL |
| 650 #0 - SUBJECT ADDED ENTRY--TOPICAL TERM | |
| 9 (RLIN) | 1051 |
| Topical term or geographic name as entry element | MEDIDAS CAUTELARES |
| 650 #0 - SUBJECT ADDED ENTRY--TOPICAL TERM | |
| 9 (RLIN) | 4222 |
| Topical term or geographic name as entry element | MEDIDAS AUTOSATISFACTIVAS |
| 650 #0 - SUBJECT ADDED ENTRY--TOPICAL TERM | |
| 9 (RLIN) | 4233 |
| Topical term or geographic name as entry element | TUTELA ANTICIPADA |
| 773 0# - HOST ITEM ENTRY | |
| Host Biblionumber | 2788 |
| Host Itemnumber | 3211 |
| Edition | 2a. ed. amp. y act. |
| Other item identifier | 6435 |
| Title | Medidas autosatisfactivas. Tomo I |
| International Standard Book Number | 9789873004261 |
| 942 ## - ADDED ENTRY ELEMENTS (KOHA) | |
| Source of classification or shelving scheme | |
| Koha item type | Analítica Capítulo de Libro |
No hay ítems disponibles.
